000
00200nam a22000977a 4500
999
_c
531734
_d
531734
040
_c
DLC
082
_a
891.4393
_b
ISH
100
_a
Ishtiaq, Farhat
_9
24725
245
_a
Bin roye ansu
942
_2
ddc
_c
BK